A new land liability (Record no. 74688)

MARC details
000 -LEADER
fixed length control field 00974cab a2200241 4500
001 - CONTROL NUMBER
control field ABS68592
008 - FIXED-LENGTH DATA ELEMENTS--GENERAL INFORMATION
fixed length control field 041221n2004 000 0 eng u
035 ## - SYSTEM CONTROL NUMBER
System control number (Sirsi) u128379
100 ## - MAIN ENTRY--PERSONAL NAME
Personal name Sheridan, P.
245 #2 - TITLE STATEMENT
Title A new land liability
260 ## - PUBLICATION, DISTRIBUTION, ETC.
Date of publication, distribution, etc. 2004
490 ## - SERIES STATEMENT
Series statement Wastes Management
Volume/sequential designation December 2004, 46(1)
520 ## - SUMMARY, ETC.
Summary, etc. Discusses the implications for contaminated land following the European Court of Justice ruling in "Walle and others v Texaco Belgium SA" ([2004] EUECJ C-1/03). In Walle the ECJ ruled that the petrol spillage should be considered as waste even while it remained undisturbed in the ground. The case has potentially increased the scope of the EU directive on waste (Directive 75/442/EEC).
590 ## - LOCAL NOTE (RLIN)
Local note ABS
650 ## - SUBJECT ADDED ENTRY--TOPICAL TERM
Topical term or geographic name entry element DIRECTIVE 75/442/EEC
650 ## - SUBJECT ADDED ENTRY--TOPICAL TERM
Topical term or geographic name entry element CONTAMINATED LAND
650 ## - SUBJECT ADDED ENTRY--TOPICAL TERM
Topical term or geographic name entry element WALLE CASE
650 ## - SUBJECT ADDED ENTRY--TOPICAL TERM
Topical term or geographic name entry element WASTE SITES
650 ## - SUBJECT ADDED ENTRY--TOPICAL TERM
Topical term or geographic name entry element WASTE DISPOSAL
690 ## - LOCAL SUBJECT ADDED ENTRY--TOPICAL TERM (OCLC, RLIN)
Topical term or geographic name as entry element WASTE MANAGEMENT-CASE LAW
700 ## - ADDED ENTRY--PERSONAL NAME
Personal name Chappell, D.
942 ## - ADDED ENTRY ELEMENTS (KOHA)
Suppress in OPAC 0
Holdings
Withdrawn status Lost status Source of classification or shelving scheme Damaged status Not for loan Home library Current library Shelving location Date acquired Total Checkouts Full call number Barcode Date last seen Copy number Price effective from Koha item type
    Dewey Decimal Classification     London London Journal article 21/12/2004   ABS68592 128379-1001 06/08/2019 1 06/08/2019 Journal article